Readings and cases in international human resource management (Record no. 23638)

MARC details
000 -LEADER
fixed length control field 00518nam a2200181Ia 4500
008 - FIXED-LENGTH DATA ELEMENTS--GENERAL INFORMATION
fixed length control field 230917s9999||||xx |||||||||||||| ||und||
020 ## - ISBN
Price GBP55
040 ## - CATALOGING SOURCE
-- 241797
Original cataloging agency VIVEKANANDA LIBRARY
041 ## - Language
-- English
082 ## - DDC NUMBER
Classification number 658.3 R271R(6)
100 ## - MAIN ENTRY--PERSONAL NAME
Personal name Reiche, B. Sebastian; ed.
245 #0 - TITLE STATEMENT
Title Readings and cases in international human resource management
250 ## - EDITION STATEMENT
Edition statement 6th ed.
260 ## - PUBLICATION, DISTRIBUTION, ETC. (IMPRINT)
Place of publication, distribution, etc New Yorl
Name of publisher, distributor, etc Routledge
Date of publication, distribution, etc 2017
300 ## - PHYSICAL DESCRIPTION
Pages xxiii, 503 p.
500 ## - GENERAL NOTE
General note 2827 22/08/2017 APD17/1060111 24/08/2017 Main Budget
942 ## - ADDED ENTRY ELEMENTS (KOHA)
Koha item type Books
Holdings
Withdrawn status Lost status Damaged status Not for loan Location (home branch) Sublocation or collection (holding branch) Shelving location Date acquired Koha issues (times borrowed) Koha full call number Accession No. Koha date last seen Koha item type
        VIVEKANANDA LIBRARY VIVEKANANDA LIBRARY IMSAR Library 13/10/2017   658.3 R271R(6) 362506 17/09/2023 Books
© Designed and Maintained by Vivekananda Library, MDU Rohtak